书目信息 |
| 题名: |
动物庄园
|
|
| 作者: | 奥威尔 著 ;隗静秋 译 | |
| 分册: | ||
| 出版信息: | 南京 译林出版社 2019.01 |
|
| 页数: | 269页 | |
| 开本: | 22cm | |
| 丛书名: | 壹力文库 | |
| 单 册: | ||
| 中图分类: | H319.4 | |
| 科图分类: | ||
| 主题词: | 长篇小说--chang pian xiao shuo--英国--现代--英语--汉语--对照读物 | |
| 电子资源: | ||
| ISBN: | 978-7-5447-7593-9 | |
| 000 | 01305nam 2200313 450 | |
| 001 | 202019135143 | |
| 005 | 20191007123107.0 | |
| 010 | @a978-7-5447-7593-9@b精装@dCNY36.80 | |
| 100 | @a20191003d2019 em y0chiy50 ea | |
| 101 | 1 | @achi@aeng@ceng |
| 102 | @aCN@b320000 | |
| 105 | @aa z 000ay | |
| 106 | @ar | |
| 200 | 1 | @a动物庄园@Adong wu zhuang yuan@f(英国) 乔治·奥威尔著@g隗静秋译 |
| 205 | @a中英双语珍藏版 | |
| 210 | @a南京@c译林出版社@d2019.01 | |
| 215 | @a269页@c图@d22cm | |
| 225 | 2 | @a壹力文库@Ayi li wen ku@v010 |
| 312 | @a英文题名取自封面 | |
| 314 | @a奥威尔, 英国作家、记者。 | |
| 330 | @a本书是一部政治寓言体小说, 故事描述了一场“动物主义”革命的酝酿、兴起和最终蜕变。一个农庄的动物不堪人类主人的压迫, 在猪的带领下起来反抗, 赶走了农庄主, 牲畜们实现了“当家作主”的愿望, 农场更名为“动物庄园”, 奉行“所有动物一律平等”。此后, 获取了领导权的猪拥有了越来越大的权力, 成为新的特权阶级, 动物们稍有不满, 便会招致血腥的清洗。 | |
| 410 | 0 | @12001 @a壹力文库@v010 |
| 500 | 10 | @aAnimal farm@mChinese |
| 606 | 0 | @a长篇小说@Achang pian xiao shuo@y英国@z现代@x英语@x汉语@j对照读物 |
| 690 | @aH319.4@v5 | |
| 701 | 1 | @a奥威尔@Aao wei er@g(Orwell, George),@f1903-1950@4著 |
| 702 | 0 | @a隗静秋@Akui jing qiu@4译 |
| 801 | 0 | @aCN@c20190905 |
| 905 | @a河南城建学院图书馆@dH319.4@eA763 | |
| 动物庄园/(英国) 乔治·奥威尔著/隗静秋译.-中英双语珍藏版.-南京:译林出版社,2019.01 |
| 269页:图;22cm.-(壹力文库;010) |
| ISBN 978-7-5447-7593-9(精装):CNY36.80 |
| 本书是一部政治寓言体小说, 故事描述了一场“动物主义”革命的酝酿、兴起和最终蜕变。一个农庄的动物不堪人类主人的压迫, 在猪的带领下起来反抗, 赶走了农庄主, 牲畜们实现了“当家作主”的愿望, 农场更名为“动物庄园”, 奉行“所有动物一律平等”。此后, 获取了领导权的猪拥有了越来越大的权力, 成为新的特权阶级, 动物们稍有不满, 便会招致血腥的清洗。 |
| ● |
| 相关链接 |
|
|
|
正题名:动物庄园
索取号:H319.4/A763
 
预约/预借
| 序号 | 登录号 | 条形码 | 馆藏地/架位号 | 状态 | 备注 |
| 1 | 1443636 | 214436369 | 外国语学院资料室/209语言库 43排7列4层/ [索取号:H319.4/A763] | 在馆 | |
| 2 | 1443637 | 214436378 | 语言库209/209语言库 44排1列1层/ [索取号:H319.4/A763] | 在馆 | |
| 3 | 1443638 | 214436387 | 外国语学院资料室/209语言库 43排7列4层/ [索取号:H319.4/A763] | 在馆 | |
| 4 | 1443639 | 214436396 | 语言库209/209语言库 44排1列1层/ [索取号:H319.4/A763] | 在馆 |